| 000 | 00355nam a2200145Ia 4500 | ||
|---|---|---|---|
| 008 | 230917s9999||||xx |||||||||||||| ||und|| | ||
| 040 |
_e135030 _aMAIN |
||
| 041 | _aEnglish | ||
| 082 | _a006.7 M273M | ||
| 100 | _aMcGloughlin, Stephen | ||
| 245 | 0 | _aMultimedia on the web | |
| 260 |
_aNew Delhi _bPrentice-Hall _c1998 |
||
| 300 | _a193 p. | ||
| 942 | _cBK | ||
| 999 |
_c112062 _d112062 |
||